000 00549cmm a2200169 4500
001 3944
005 20181127172253.0
010 _a 2006414206
245 0 0 _aWings of nature :
_bA window to the world of major Indian birds /
_cC. N. Pandey.
260 _aGandhinagar :
_bGEER Foundation,
_c2005.
300 _a1 CD-ROM :
_bcol. ;
_c4 3/4 in.
500 _aInteractive CD ROM.
500 _aTitle from disc label.
650 0 _aOrnithology
_xStudy and teaching.
700 1 _aPandey, C. N.
710 2 _aGujarat Ecological Education and Research Foundation.
999 _c3221
_d3221